| 000 | 00484nam a2200121Ia 4500 | ||
|---|---|---|---|
| 008 | 220512s9999 xx 000 0 eng d | ||
| 100 | _aBhupal, D S | ||
| 245 | 0 |
_aImpact of Mahatma Gandhi National Rural Employment Guarantee Scheme on Wage Rates,Food Security and rural-urban migration in Haryana / _cBhupal, D S |
|
| 260 |
_aNew Delhi : _bAgricultural Economics Research Centre, University of Delhi, _cAug-11 |
||
| 500 | _aResearch Study No 2011/2 | ||
| 546 | _aEnglish | ||
| 942 | _cPR | ||
| 999 |
_c36673 _d36673 |
||